000 01194nam0a2200373 4500
001 RU\NLR\bibl\156818
005 20250618052435.0
010 _a5-04-006574-4
_910000
021 _aRU
_b2001-4020
_9201
035 _a(NLR Aleph) 000153800
090 _a883216
_c883216
100 _a20010326d2001 |||y0rusy50 ca
101 0 _arus
102 _aRU
105 _ay |||||||||
200 1 _aРецепт Борджиа
_e[Повесть]
_fТатьяна Веснякова
210 _aМ.
_cЭКСМО-Пресс
_d2001
215 _a379, [1] с.
_d17
225 1 _aДетектив глазами женщины
610 0 _aДетективные романы и рассказы (х. л.)
675 _a821.161.1-31Веснякова
_v3
_zrus
686 _a17.82
_2rugasnti
686 _a84(2Рос=Рус)6-44
_2rubbk
686 _aШ6(2=Р)75-446
700 1 _aВеснякова
_bТ. Г.
_gТатьяна Георгиевна
_4070
801 0 _aRU
_bRKP
_c20010326
_gPSBO
801 1 _aRU
_bRKP
_c20010326
801 2 _aRU
_bNLR
_c20010607
_grcr
830 _aавт. по кн.
942 _cBOOK
980 _aNB